000 00778nam a22002177a 4500
999 _c442362
_d442362
003 UA-OsUOA
005 20191002093510.0
008 190930b un ||||| |||| 00| 0 ukr d
040 _aUA-OsUOA
_bukr
_cUA-OsUOA
_dUA-OsUOA
041 _aukr
080 _a821.161.2
090 _a821.161.2
_bК88
100 _aКугультінов Д.
245 _aЖива вода
_bвибране
_cДавид Кугультінов ; упоряд. Петренко Ю.
260 _aКиїв
_bДніпро
_c1976
300 _a123 с.
856 4 0 _yКлацніть тут для перегляду онлайн
942 _2udc
_cBK
955 _a3